Missing Lyrics - Harry Styles - Sign of the Times - Statistics

General Stats
  • This quiz has been taken 6,624 times
  • The average score is 16 of 20
Answer Stats
Answer % Correct
Hope you're {wearing} your best clothes
98%
Just stop your crying, It's a {sign of the times}
98%
Just stop your crying, It's a {sign of the times}
98%
Welcome to the {final show}
95%
Just stop your crying, It'll be {alright}
94%
They told me that the end is {near}
93%
We gotta {get away} from here
93%
We gotta {get away} from here
93%
You look pretty good down here, but you ain't {really good}
87%
Will we ever learn? We've been {here} before
86%
Just stop your crying, Have the {time of your life}
82%
We never {learn}, we've been here before
82%
Breaking through the {atmosphere}, and things are pretty good from here
81%
Why are we always {stuck} and running from the bullets, the bullets?
80%
We can {meet} again somewhere, somewhere far away from here
76%
We don't talk {enough}
68%
You can't {bribe} the door on your way to the sky
68%
It's just what we {know}
67%
We should {open up} before it's all too much
59%
{Remember}, everything will be alright
48%
No matching quizzes found
Score Distribution
Percent of People with Each Score
Percentile by Number Answered
Your Score History
You have not taken this quiz